Vista normal Vista MARC

Entrada Personal Name

Número de registros utilizados en: 1

001 - CONTROL NUMBER

  • control field: 10404

003 - CONTROL NUMBER IDENTIFIER

  • control field: OSt

005 - DATE AND TIME OF LATEST TRANSACTION

  • control field: 20200917155521.0

008 - FIXED-LENGTH DATA ELEMENTS

  • fixed length control field: 200917|| aca||aabn | a|a d

040 ## - CATALOGING SOURCE

  • Original cataloging agency: OSt
  • Transcribing agency: OSt

100 ## - HEADING--PERSONAL NAME

  • Personal name: Madrid-Malo Garizábal, Mario,
  • Dates associated with a name: 1945

670 ## - SOURCE DATA FOUND

  • Source citation: Work cat.: (OSt)4177: Madrid-Malo Garizábal, Mario, 1945 autor, Diccionario de la constitución política de Colombia /, 1997